Score 0/25 Timer 08:00
1 Play Today
% Correct
Grey's Anatomy
91.4%
Wonder Woman
89.4%
Buffy the Vampire Slayer
85.5%
Charlie's Angels
85.3%
Orange is the New Black
83.8%
Xena: Warrior Princess
78%
The Good Wife
77.1%
Murder, She Wrote
73.2%
Charmed
71.8%
Veronica Mars
67.8%
Scandal
67.3%
Pretty Little Liars
65.6%
Nashville
62.6%
% Correct
Gossip Girl
60%
Dr. Quinn, Medicine Woman
58.7%
Revenge
56.1%
Homeland
55.9%
Felicity
51.8%
The Closer
51.1%
Cagney & Lacey
48.8%
Alias
47.3%
Medium
41.5%
My So-Called Life
39.2%
Star Trek: Voyager
38.4%
Damages
36.3%
Remove Ads.
Support Sporcle.
Get the best of Sporcle when you Go Orange. This ad-free experience offers more features, more stats, and more fun while also helping to support Sporcle. Thank you for becoming a member.

You're not logged in!

Compare scores with friends on all Sporcle quizzes.
OR
Log In

Show Comments

Extras

Top Quizzes Today


Score Distribution

Your Account Isn't Verified!

In order to create a playlist on Sporcle, you need to verify the email address you used during registration. Go to your Sporcle Settings to finish the process.

Report this User

Report this user for behavior that violates our Community Guidelines.

Details: